Город над Вяткой-рекой (Запись № 13510362)
[ простой вид ]
| 000 -МАРКЕР | |
|---|---|
| контрольное поле | 02416nam0a2200397 4500 |
| 001 - ИДЕНТИФИКАТОР ЗАПИСИ | |
| контрольное поле | RU\NLR\BIBL_A\022670556 |
| 005 - ИДЕНТИФИКАТОР ВЕРСИИ | |
| контрольное поле | 20260408231926.0 |
| 010 ## - МЕЖДУНАРОДНЫЙ СТАНДАРТНЫЙ НОМЕР КНИГИ (ISBN) | |
| Номер (ISBN) | 978-5-91402-345-1 |
| Тираж | 500 |
| 035 ## - ДРУГИЕ СИСТЕМНЫЕ НОМЕРА | |
| Идентификатор записи | (NLR Aleph) 022670556 |
| 100 ## - ДАННЫЕ ОБЩЕЙ ОБРАБОТКИ | |
| Данные общей обработки | 20251120d2024 k y0rusy50 ca |
| 101 0# - ЯЗЫК РЕСУРСА | |
| Язык текста, звукозаписи и т.д. | русский |
| 102 ## - СТРАНА ПУБЛИКАЦИИ ИЛИ ПРОИЗВОДСТВА | |
| Страна публикации | российская федерация |
| 105 ## - ПОЛЕ КОДИРОВАННЫХ ДАННЫХ: ТЕКСТОВЫЕ МАТЕРИАЛЫ, МОНОГРАФИЧЕСКИЕ | |
| Кодированные данные о монографическом текстовом документе | ac||b|||110yy |
| 181 #0 - ПОЛЕ КОДИРОВАННЫХ ДАННЫХ: ВИД СОДЕРЖАНИЯ | |
| Код вида содержания (ISBD) | b3 |
| Код характеристики содержания (ISBD) | xb2e |
| 181 #0 - ПОЛЕ КОДИРОВАННЫХ ДАННЫХ: ВИД СОДЕРЖАНИЯ | |
| Код вида содержания (ISBD) | i1 |
| Код характеристики содержания (ISBD) | axxe |
| 182 #0 - ПОЛЕ КОДИРОВАННЫХ ДАННЫХ: ТИП СРЕДСТВА | |
| Код типа средства (ISBD) | n - непосредственное |
| 200 1# - ЗАГЛАВИЕ И СВЕДЕНИЯ ОБ ОТВЕТСТВЕННОСТИ | |
| Основное заглавие | Город над Вяткой-рекой |
| Сведения, относящиеся к заглавию | новое поколение мастериц дымковской игрушки |
| -- | [Анна Корчёмкина, Ольга Первакова, Юлия Рычихина, Светлана Скопина] |
| -- | каталог выставки |
| Первые сведения об ответственности | Общество с ограниченной ответственностью "Художественные мастерские "Дымковская игрушка", Музей "Дымковская игрушка: история и современность" |
| Последующие сведения об ответственности | [составитель: Н. Н. Мечникова] |
| 203 ## - ВИД СОДЕРЖАНИЯ И ТИП СРЕДСТВА | |
| Вид содержания | Изображение |
| -- | Текст |
| Дополнительные сведения об издании | визуальные |
| Тип средства | непосредственные |
| 210 ## - ПУБЛИКАЦИЯ, РАСПРОСТРАНЕНИЕ И ДР. | |
| Место издания, распространения и т.д. | Киров |
| Имя издателя, распространителя и т. д. | О-Краткое |
| Дата издания, распространения и т.д. | 2024 |
| 215 ## - ФИЗИЧЕСКАЯ ХАРАКТЕРИСТИКА | |
| Специфическое обозначение материала и объем | 39 с. |
| Другие сведения о физической характеристике | цв. ил., портр. |
| Размеры | 19х22 |
| 300 ## - ОБЩИЕ ПРИМЕЧАНИЯ | |
| Текст примечания | На обл.: Хлынов - Вятка - Киров, 650 |
| 606 ## - НАИМЕНОВАНИЕ ТЕМЫ КАК ПРЕДМЕТ | |
| Наименование темы | Дымковская игрушка |
| Тематический подзаголовок | Выставки |
| Географический подзаголовок | Киров, город |
| Хронологический подзаголовок | 2024 |
| Формальный подзаголовок | Каталоги |
| Идентификатор авторитетной/нормативной записи | RU\NLR\AUTH\6601764510 |
| Системный номер авторитетной/нормативной записи | 2691930 |
| 686 1# - ИНДЕКСЫ ДРУГИХ КЛАССИФИКАЦИЙ | |
| Индекс | Щ126.73(2Р=Рус)л62 |
| 701 #1 - ИМЯ ЛИЦА - АЛЬТЕРНАТИВНАЯ ОТВЕТСТВЕННОСТЬ | |
| Начальный элемент ввода | Первакова |
| Часть имени, кроме начального элемента ввода | О. В. |
| Даты | 1972- |
| Расширение инициалов личного имени | Ольга Викторовна |
| Код отношения | Объект посвящения |
| 702 #1 - ИМЯ ЛИЦА - ВТОРИЧНАЯ ОТВЕТСТВЕННОСТЬ | |
| Начальный элемент ввода | Мечникова |
| Часть имени, кроме начального элемента ввода | Н. Н. |
| Расширение инициалов личного имени | Надежда Н |
| Код отношения | Составитель |
| 702 #1 - ИМЯ ЛИЦА - ВТОРИЧНАЯ ОТВЕТСТВЕННОСТЬ | |
| Начальный элемент ввода | Корчёмкина |
| Часть имени, кроме начального элемента ввода | А. Н. |
| Даты | 1989- |
| Расширение инициалов личного имени | Анна Николаевна |
| Код отношения | Объект посвящения |
| 702 #1 - ИМЯ ЛИЦА - ВТОРИЧНАЯ ОТВЕТСТВЕННОСТЬ | |
| Начальный элемент ввода | Рычихина |
| Часть имени, кроме начального элемента ввода | Ю. С. |
| Даты | 1990- |
| Расширение инициалов личного имени | Юлия Сергеевна |
| Код отношения | Объект посвящения |
| 702 #1 - ИМЯ ЛИЦА - ВТОРИЧНАЯ ОТВЕТСТВЕННОСТЬ | |
| Начальный элемент ввода | Скопина |
| Часть имени, кроме начального элемента ввода | С. А. |
| Даты | 1986- |
| Расширение инициалов личного имени | Светлана Александровна |
| Код отношения | Объект посвящения |
| 711 12 - НАИМЕНОВАНИЕ ОРГАНИЗАЦИИ - АЛЬТЕРНАТИВНАЯ ОТВЕТСТВЕННОСТЬ | |
| Начальный элемент ввода | "Город над Вяткой-рекой", выставка |
| Дата проведения временной организации | 2024 |
| Место проведения временной организации | Киров |
| Идентификатор авторитетной/нормативной записи | RU\NLR\AUTH\880636241 |
| Системный номер авторитетной/нормативной записи | 2689469 |
| 712 02 - НАИМЕНОВАНИЕ ОРГАНИЗАЦИИ - ВТОРИЧНАЯ ОТВЕТСТВЕННОСТЬ | |
| Код отношения | Прочие |
| Начальный элемент ввода | "Дымковская игрушка", художественные мастерские |
| Идентифицирующий признак | Киров |
| Идентификатор авторитетной/нормативной записи | RU\NLR\AUTH\880636240 |
| Системный номер авторитетной/нормативной записи | 2689468 |
| 942 ## - ДОПОЛНИТЕЛЬНЫЕ ЭЛЕМЕНТЫ ЗАПИСИ (АБИС) | |
| Тип экземпляра АБИС | Книга |
| 980 ## - КОЛЛЕКЦИЯ | |
| Название коллекции | Национальная библиография |
Нет доступных экземпляров.